Normale Ansicht
MARC-Ansicht
Eintrag Personenname
001 - Kontrollnummer
- Kontrollfeld: 19997
003 - Kontrollnummer Identifier
- Kontrollfeld: RU-10907106
005 - Datum und Zeit der letzten Transaktion
- Kontrollfeld: 20230127142514.0
008 - Datenelemente mit fester Länge
- Kontrollfeld mit fester Länge: 230127|| aca||aabn | a|a d
040 ## - Katalogisierungsquelle
- Original-Katalogisierungsstelle: RU-10907106
- Übertragungsstelle: RU-10907106
100 ## - Ansetzung - Personenname
- Personenname: Ruffmann, Gottfried-Karl
670 ## - Datenquelle
- Quellenangabe: Work cat.: (RU-10907106)25866: Ruffmann, Gottfried-Karl, Dtv-Weltgeschichte des 20. Jahrhunderts. Sowjetrußland : Struktur und Entfaltung einer Weltmacht